Dinka folktales / (Record no. 5817)
[ view plain ]
| 000 -LEADER | |
|---|---|
| fixed length control field | 00798cam a2200229 a 4500 |
| 001 - CONTROL NUMBER | |
| control field | 15030324 |
| 005 - DATE AND TIME OF LATEST TRANSACTION | |
| control field | 20171009151342.0 |
| 008 - FIXED-LENGTH DATA ELEMENTS--GENERAL INFORMATION | |
| fixed length control field | 071002s2007 ke a 000 j eng |
| 010 ## - LIBRARY OF CONGRESS CONTROL NUMBER | |
| LC control number | 2007381877 |
| 020 ## - INTERNATIONAL STANDARD BOOK NUMBER | |
| International Standard Book Number | 9966082611 |
| 040 ## - CATALOGING SOURCE | |
| Original cataloging agency | DLC |
| Transcribing agency | DLC |
| Modifying agency | DLC |
| 042 ## - AUTHENTICATION CODE | |
| Authentication code | lcode |
| 050 00 - LIBRARY OF CONGRESS CALL NUMBER | |
| Classification number | GR355.82.D53 |
| Item number | A56 2007 |
| 100 1# - MAIN ENTRY--PERSONAL NAME | |
| Personal name | Akol, Jacob J. |
| 9 (RLIN) | 31110 |
| 245 10 - TITLE STATEMENT | |
| Title | Dinka folktales / |
| Statement of responsibility, etc | Jacob J. Akol ; illustrations by Christine Abuk. |
| 260 ## - PUBLICATION, DISTRIBUTION, ETC. (IMPRINT) | |
| Place of publication, distribution, etc | Nairobi : |
| Name of publisher, distributor, etc | Paulines Publications Africa, |
| Date of publication, distribution, etc | 2007. |
| 300 ## - PHYSICAL DESCRIPTION | |
| Extent | 96 p. : |
| Other physical details | ill. ; |
| Dimensions | 21 cm. |
| 650 00 - SUBJECT ADDED ENTRY--TOPICAL TERM | |
| Topical term or geographic name as entry element | Dinka (African people) |
| General subdivision | Folklore. |
| 9 (RLIN) | 36863 |
| 906 ## - LOCAL DATA ELEMENT F, LDF (RLIN) | |
| a | 7 |
| b | cbc |
| c | origode |
| d | 3 |
| e | ncip |
| f | 20 |
| g | y-gencatlg |
| 942 ## - ADDED ENTRY ELEMENTS (KOHA) | |
| Source of classification or shelving scheme | Library of Congress Classification |
| Item type | Monograph ( Printed materials) |
| Withdrawn status | Lost status | Source of classification or shelving scheme | Damaged status | Not for loan | Collection code | Home library | Current library | Shelving location | Date acquired | Total Checkouts | Full call number | Barcode | Date last seen | Copy number | Price effective from | Koha item type |
|---|---|---|---|---|---|---|---|---|---|---|---|---|---|---|---|---|
| Library of Congress Classification | Main Collection | ARRUPE LIBRARY | ARRUPE LIBRARY | 27/02/2013 | GR355.82.D53A56 2007 | 46406989 | 10/04/2018 | 1 | 27/02/2013 | Monograph ( Printed materials) |